Temporal changes in land use/land cove in the proximity of the IT park at Hinjewadi, Pune (Record no. 102795)

000 -LEADER
fixed length control field 00444pab a2200157 454500
008 - FIXED-LENGTH DATA ELEMENTS--GENERAL INFORMATION
fixed length control field 180718b2013 xxu||||| |||| 00| 0 eng d
100 ## - MAIN ENTRY--PERSONAL NAME
Personal name Khare, Ujjwala
245 ## - TITLE STATEMENT
Title Temporal changes in land use/land cove in the proximity of the IT park at Hinjewadi, Pune
260 ## - PUBLICATION, DISTRIBUTION, ETC.
Date of publication, distribution, etc. 2013
300 ## - PHYSICAL DESCRIPTION
Extent p.139-145.
650 ## - SUBJECT ADDED ENTRY--TOPICAL TERM
Topical term or geographic name entry element Land use
700 ## - ADDED ENTRY--PERSONAL NAME
Personal name Joshi, Pradyumna
773 ## - HOST ITEM ENTRY
Main entry heading Indian Journal of Regional Science
908 ## - PUT COMMAND PARAMETER (RLIN)
Put command parameter N
909 ## -
-- 102797
Holdings
Withdrawn status Lost status Damaged status Not for loan Permanent Location Current Location Date acquired Serial Enumeration / chronology Barcode Date last seen Price effective from Koha item type
        Indian Institute of Public Administration Indian Institute of Public Administration 2018-07-19 Volume no: 45, Issue no: 2 AR103257 2018-07-19 2018-07-19 Articles

Powered by Koha